|
|
|
|
| LEADER |
01366nam a2200361 i 4500 |
| 001 |
36651 |
| 003 |
BD-DhAAL |
| 005 |
20211129105040.0 |
| 008 |
191117t20162016ii b b 001 0 eng d |
| 999 |
|
|
|c 41830
|d 41830
|
| 010 |
|
|
|a 2016334792
|
| 020 |
|
|
|a 9780670087327
|
| 020 |
|
|
|a 0670087327
|
| 025 |
|
|
|a I-E-2016334792 ; 60-91 ; 59-91 ; 55-01
|
| 035 |
|
|
|a (OCoLC)957041891
|
| 040 |
|
|
|a DKAGE
|b eng
|e rda
|c DKAGE
|d OCLCO
|d ANL
|d BD-DhAAL
|
| 042 |
|
|
|a lccopycat
|a lcode
|
| 043 |
|
|
|a a-ii---
|
| 050 |
|
4 |
|a DS340
|b .S26 2016
|
| 082 |
0 |
4 |
|a 909.09824
|2 23
|
| 100 |
1 |
|
|a Sanyal, Sanjeev
|9 37186
|
| 245 |
1 |
4 |
|a The ocean of churn :
|b how the Indian Ocean shaped human history /
|c Sanjeev Sanyal.
|
| 260 |
|
|
|a Haryana, India
|b Penguin Random House,
|c 2016.
|
| 300 |
|
|
|a xiii, 297 pages :
|b maps (black and white) ;
|c 22 cm.
|
| 504 |
|
|
|a Includes bibliographical references (pages 263-280) and index.
|
| 526 |
|
|
|a BBS
|
| 541 |
|
|
|a Pathak Shamabesh Ltd.
|e 36651
|
| 650 |
|
|
|a Business & finance
|9 43306
|
| 651 |
|
0 |
|a Indian Ocean Region
|x History.
|9 37187
|
| 651 |
|
0 |
|a India
|x History.
|9 37188
|
| 852 |
|
|
|a Ayesha Abed Library
|c General Stacks
|
| 942 |
|
|
|2 ddc
|c BK
|
| 952 |
|
|
|0 0
|1 0
|2 ddc
|4 0
|6 909_098240000000000_SAN
|7 0
|9 67164
|a BRACUL
|b BRACUL
|c GEN
|d 2019-11-14
|e Pathak Shamabesh Ltd.
|g 1020.00
|l 2
|m 2
|o 909.09824 SAN
|p 3010036651
|r 2025-09-01
|s 2025-08-04
|t 1
|v 1200.00
|w 2019-11-14
|y BK
|